00663 2200241 4500001002100000005001500021035002000036007000300056008004100059020002200100082001000122084001600132100002300148245007200171250001000243260003500253300003700288650002200325700002200347504003000369990001100399990001100410INLIS00000000000432120191024030222 a0010-1019000173ta191024 g 0 ind  a978-602-6827-73-9 a650.1 a650.1 LAN b0 aLANTIP, Susilowati1 aBisnis Kewirausahaan /cLantip Susilowati; editor, Binti Nur Asiyah acet.1 aYogyakarta :bKalimedia,c2018 aviii, 178 hlm. :bilus. ;c20 cm 4aMANAJEMEN. BISNIS0 aBINTI, Nur Asiyah aBibliografi: hlm. 177-178 a7002 a a7002 b